00000000cam 2200000zi 4500
0019.960497
003CaOODSP
00520260303090027
006m     o  d f      
007cr mn|||||||||
008260303e202602##onc     ob   f000 0 fre d
040 |aCaOODSP|bfre|erda|cCaOODSP
043 |an-cn---
045 |ay2y2
0861 |aXC16-1/1-451-7F-PDF
1101 |aCanada. |bParlement. |bChambre des communes. |bComité permanent des comptes publics, |eauteur, |eorganisme de publication.
24510|aAssurer la capacité future du Canada en matière d'avions de chasse : |brapport du Comité permanent des comptes publics / |cle président, John Williamson.
24613|aAssurer la capacité future du Canada en matière d'avions de chasse
264 1|a[Ottawa] : |bChambre des communes, Canada = House of Commons, Canada, |cfévrier 2026.
300 |a1 ressource en ligne (v, 25 pages).
336 |atexte|btxt|2rdacontent/fre
337 |ainformatique|bc|2rdamedia/fre
338 |aressource en ligne|bcr|2rdacarrier/fre
4901 |aRapport du Comité permanent des comptes publics ; |v7e rapport, 45e législature, 1re session
500 |aPublié aussi en anglais sous le titre : Delivering Canada's future fighter jet capability: report of the Standing Committee on Public Accounts.
500 |a« 45e législature, 1re session. »
500 |a« Septième rapport » -- Page v.
504 |aComprend des références bibliographiques.
520 |a« La vérificatrice générale du Canada a constaté, dans un audit de performance réalisé en 2025, que l'acquisition de chasseurs F-35A (ou CF 35A) devrait coûter 50 % de plus que les estimations initiales, et que le programme fait face à des risques importants qui pourraient compromettre la mise en service en temps voulu des appareils. Ce rapport du Comité permanent des comptes publics formule cinq recommandations visant à garantir que les recommandations de la vérificatrice générale soient dûment prises en compte et que le gouvernement du Canada en fournisse la preuve au Comité au moyen de rapports d'étape » -- Fourni par l'éditeur.
61016|aCanada. |bMinistère de la défense nationale|xAudit.
650 6|aF-35 (Avion militaire)|xAchat|zCanada.
650 6|aF-35 (Avion militaire)|xPlanification.
7001 |aWilliamson, John, |d1970-
77508|tDelivering Canada's future fighter jet capability : |w(CaOODSP)9.960495
830#0|aRapport du Comité permanent des comptes publics ;|v7e rapport, 45e législature, 1re session.|w(CaOODSP)9.501704
85640|qPDF|s2.79 Mo|uhttps://publications.gc.ca/collections/collection_2026/parl/xc16-1/XC16-1-1-451-7-fra.pdf
8564 |qHTML|sS.O.|uhttps://www.noscommunes.ca/documentviewer/fr/45-1/PACP/rapport-7